00475nam a2200157Ia 450000500170000000800410001708200130005810000130007124500220008426000450010630000120015150000380016394200060020195200950020799900150030220250424054945.0240331s9999 xx 000 0 und d bMATa290 aMathavan 0aUlaka samayangal  aPuthukottaibArunomzhi Pathippagamc1999 a96 p ., aA book of Religions of the World cL 001040708LaWERCLbWERCLcSSCd2024-03-31l0o 290 MATp5931r2024-03-31w2024-03-31yL c3948d3948